000 00443nam a2200169Ia 4500
001 28399
003 IN-NITTTR
005 20251114233351.0
008 251113s9999||||xx |||||||||||||| ||eng||
040 _beng
040 _cIN-NITTTR
041 _aeng
082 _a519.4 W582C
100 _aWhite, Robert E.
245 0 _aComputational mathematics :
_b models, methods and analysis with MATLAB andMPI /
_cWhite, Robert E.
942 _2ddc
_cBK
999 _c31027
_d31027